Statistics for FarmLand Animals

Click here to take the quiz!

General Stats

  • This quiz has been taken 25 times
  • The average score is 10 of 11

Answer Stats

Answer% Correct
chicken
100%
cow
100%
donkey
100%
duck
100%
goat
100%
horse
100%
pig
100%
turkey
100%
sheep
96%
rooster
91%
lamb
57%

Score Distribution

Percentile by Number Answered

Percent of People with Each Score

Your Score History

You have not taken this quiz